ARRUPE JESUIT UNIVERSITY

CORONAVIRUS -STOP THE SPREAD - CLEAN,DISINFECT,COVER

Tellers of the Word / (Record no. 129399)

MARC details
000 -LEADER
fixed length control field 00815cam a2200265 a 4500
001 - CONTROL NUMBER
control field 2338095
003 - CONTROL NUMBER IDENTIFIER
control field ARRUPE
005 - DATE AND TIME OF LATEST TRANSACTION
control field 20190423124643.0
008 - FIXED-LENGTH DATA ELEMENTS--GENERAL INFORMATION
fixed length control field 830912s1981 nyu b 001 0 eng
010 ## - LIBRARY OF CONGRESS CONTROL NUMBER
LC control number 82140721
020 ## - INTERNATIONAL STANDARD BOOK NUMBER
International Standard Book Number 0937716081
040 ## - CATALOGING SOURCE
Original cataloging agency DLC
Transcribing agency DLC
Modifying agency DLC
050 00 - LIBRARY OF CONGRESS CALL NUMBER
Classification number BT75.2
Item number .N28 1981
082 00 - DEWEY DECIMAL CLASSIFICATION NUMBER
Classification number 230/.2
Edition number 19
300 ## - PHYSICAL DESCRIPTION
Dimensions 25 cm.
100 1# - MAIN ENTRY--PERSONAL NAME
Personal name Navone, John J.
9 (RLIN) 45819
245 10 - TITLE STATEMENT
Title Tellers of the Word /
Statement of responsibility, etc John Navone and Thomas Cooper.
250 ## - EDITION STATEMENT
Edition statement 1st ed.
260 ## - PUBLICATION, DISTRIBUTION, ETC. (IMPRINT)
Place of publication, distribution, etc New York :
Name of publisher, distributor, etc Le Jacq Pub.,
Date of publication, distribution, etc c1981.
300 ## - PHYSICAL DESCRIPTION
Extent xxv, 341 p. ;
500 ## - GENERAL NOTE
General note Includes indexes.
504 ## - BIBLIOGRAPHY, ETC. NOTE
Bibliography, etc Bibliography: p. 309-326.
650 #0 - SUBJECT ADDED ENTRY--TOPICAL TERM
Topical term or geographic name as entry element Storytelling
General subdivision Religious aspects
-- Christianity.
9 (RLIN) 1743
700 1# - ADDED ENTRY--PERSONAL NAME
Personal name Cooper, Thomas,
Dates associated with a name 1946-
9 (RLIN) 45820
906 ## - LOCAL DATA ELEMENT F, LDF (RLIN)
a 7
b cbc
c orignew
d 3
e ncip
f 19
g y-gencatlg
942 ## - ADDED ENTRY ELEMENTS (KOHA)
Source of classification or shelving scheme Library of Congress Classification
Koha item type Monograph ( Printed materials)
Holdings
Withdrawn status Lost status Source of classification or shelving scheme Damaged status Not for loan Collection code Home library Current library Shelving location Date acquired Total Checkouts Full call number Barcode Date last seen Price effective from Koha item type
    Library of Congress Classification     Main Collection ARRUPE LIBRARY ARRUPE LIBRARY Main Collection 23/04/2019   BT75.2 .N28 1981 46003022355 23/04/2019 23/04/2019 Monograph ( Printed materials)

 

Arrupe Library. PO Box MP320 Mt Pleasant, Harare, Zimbabwe
263 242 745411|librarian@aju.ac.zw